000 01075nam a22002657a 4500
003 BPGM
005 20260624195248.0
008 260624b2006 mx ||||| |||| 001 0 spa d
020 _a978-968-9350-05-7
040 _aBPGM
_bspa
041 _aspa
_hspa
082 0 4 _aCQ / 861.08M /
_bC68 /
100 _aVILLANUEVA, RODRIGUEZ
245 _aCRECE LA SILENCIOSA ESPIGA
300 _a79 páginas
_c22.5 cm x 10.4 cm
336 _2rdacontent
_atexto
_btxt
337 _2rdamedia
_asin mediación
_bn
338 _2rdacarrier
_avolumen
_bnc
505 _a"CRECE LA SILENCIOSA ESPIGA ´ ES UN CANTO A LA MADURACIÓN INTERIOR Y A LA PAZ ESPIRITUAL. RODRÍGUEZ VILLANUEVA NOS INVITA A MIRAR HACIA ADENTRO, SUGIRIENDO QUE LOS CAMBIOS MÁS PROFUNDOS E IMPORTANTES DE LA VIDA OCURREN DE MANERA CALLADA, INVISIBLE A LOS OJOS DE LOS DEMÁS, PERO FIRMES Y ORIENTADOS HACIA LA PLENITUD.
650 _aLITERATURAS ESPAÑOLAS Y PORTUGUESA
650 _aLITERATURAS ESPAÑOLAS Y PORTUGUESA
650 _aPOESIA ESPAÑOLA
700 _aCALDERON, GARMA
_eCOAUTOR
942 _2ddc
_cCOLQ
999 _c68659
_d68659